Испытание образцов труб из слоистых композиционных материалов с дефектами; Современные техника и технологии; Т. 1

Библиографические подробности
Источник:Современные техника и технологии: сборник трудов XVIII международной научно-практической конференции студентов, аспирантов и молодых ученых, Томск, 9-13 апреля 2012 г/ Национальный исследовательский Томский политехнический университет (ТПУ).— , 2012
Т. 1.— 2012.— [С. 331-332]
Главный автор: Чермошенцева А. С.
Другие авторы: Булдакова Е. С. (научный руководитель), Бохоева Л. А.
Примечания:Заглавие с титульного листа
Язык:русский
Опубликовано: 2012
Серии:Секция 3: Технология, оборудование и автоматизация машиностроительных производств
Предметы:
Online-ссылка:http://www.lib.tpu.ru/fulltext/v/Conferences/2012/C2/V1/v1_162.pdf
Формат: Электронный ресурс Статья
Запись в KOHA:https://koha.lib.tpu.ru/cgi-bin/koha/opac-detail.pl?biblionumber=222389

MARC

LEADER 00000naa2a2200000 4500
001 222389
005 20260217160405.0
035 |a (RuTPU)RU\TPU\book\242597 
035 |a RU\TPU\book\242593 
090 |a 222389 
100 |a 20120924d2012 k y0rusy50 ca 
101 0 |a rus 
102 |a RU 
135 |a drcn ---uucaa 
181 0 |a i  
182 0 |a b 
200 1 |a Испытание образцов труб из слоистых композиционных материалов с дефектами  |f А. С. Чермошенцева, Е. С. Булдакова  |g науч. рук. Л. А. Бохоева 
203 |a Текст  |c электронный 
215 |a 1 файл (735 Кб) 
225 1 |a Секция 3: Технология, оборудование и автоматизация машиностроительных производств 
300 |a Заглавие с титульного листа 
320 |a [Библиогр.: с. 332 (3 назв.)] 
337 |a Adobe Reader 
461 1 |0 (RuTPU)RU\TPU\book\240890  |t Современные техника и технологии  |o сборник трудов XVIII международной научно-практической конференции студентов, аспирантов и молодых ученых, Томск, 9-13 апреля 2012 г  |o в 3 т.  |f Национальный исследовательский Томский политехнический университет (ТПУ)  |d 2012 
463 1 |0 (RuTPU)RU\TPU\book\240891  |t Т. 1  |v [С. 331-332]  |d 2012 
610 1 |a электронный ресурс 
610 1 |a исследование 
610 1 |a трубы 
610 1 |a слоистые композиционные материалы 
610 1 |a коммуникации 
610 1 |a антикоррозионные работы 
700 1 |a Чермошенцева  |b А. С. 
701 1 |a Булдакова  |b Е. С. 
702 1 |a Бохоева  |b Л. А.  |4 727 
801 2 |a RU  |b 63413507  |c 20120924  |g RCR 
856 4 |u http://www.lib.tpu.ru/fulltext/v/Conferences/2012/C2/V1/v1_162.pdf 
942 |c CF